000 00939nam a2200253Ia 4500
003 OSt
005 20220923225539.0
006 a|||||r|||| 00| 0
007 ta
008 220922b |||||||| |||| 00| 0 mal d
024 _a270,897
037 _cTextual
040 _aARTS
_cARTS
_bmal
041 _2mal
_amal
082 _aO32,3MMUx, 152M3
100 _aमुण्डश्शेरी, जोसेफ; चतुर्वेदी, सुधांशु, अनु.
_9168697
245 0 _aप्रोफेसर
246 _aProfesara
260 _aदिल्ली
_b साहित्य अकादमी
_c1983
300 _a63पृ0
_ccm.
650 _aमलयालम साहित्य
_9156264
942 _hO32,3MMUx, 152M3
_cTEXL
_2CC
999 _c378996
_d378996